000 00499nam a2200181 a 4500
001 1770285651793
003 YourLibrary
005 20260205153740.0
008 260205s2007##################000#0#eng##
020 _a9780728205031
082 0 4 _a333.33068
_bKAY
100 1 _aKaye, Frances,
_eauthor.
245 1 0 _aSnakes and Ladders for Property Professionals :
260 _bEstate Gazette,
_c2007.
650 0 _aCareer development.
942 _cENGLISH
040 _aYourLibrary
_beng
_cYourLibrary
999 _c610375
_d610375